000 00846nam a2200265 i 4500
003 IT-RoINE
005 20190613065257.0
008 070328s2007 it |r 001|||ita|d
020 _a9788842082606
040 _cIT-RoINE
_dIT-RoINE
041 7 _aita
_2ISO-639-2
100 1 _aBonora, Elena
_952203
245 1 0 _aGiudicare i vescovi :
_bla definizione dei poteri nella Chiesa postridentina /
_cElena Bonora.
260 _aRoma [etc.] :
_bLaterza,
_c2007.
300 _aXX, 343 p. ;
_c21 cm.
336 _2rdacontent
_atext
337 _2rdamedia
_aunmediated
338 _2rdacarrier
_avolume
490 1 _aQuadrante Laterza ;
_v137
500 _aIncluye índice.
504 _aBibliografía: p. 297-[322].
610 2 4 _952298
_aIglesia Católica
_xHistoria
_ySiglo 16o.
830 0 _aQuadrante Laterza ;
_v137
_944847
942 _cMTS
999 _c30874
_d30874